000 00762nam a2200265 a 4500
003 AR-BaBNM
005 20251128203731.0
008 082120s2002 ||||||||||||||000 | spa||
040 _cAR-BaBNM
100 1 _aPfandl, Ludwing
245 0 0 _aHistoria de la literatura nacional española en la edad de oro
260 _aBarcelona
_bSucesores de Juan Gili
_c1933
300 _a691 p.
500 _aContiene apéndice bibliográfico en p. 623-676
500 _aIndice alfabético en p. 677-691
650 4 _aLITERATURA ESPAÑOLA
650 4 _aTEATRO NACIONAL
650 4 _aESCRITORES
650 4 _aANALISIS LITERARIO
653 _aSIGLO DE ORO
655 _aLITERATURA
700 1 _aRubió Balaguer, Jorge
_etraductor
942 _cBK
998 _cisola
999 _c4702
_d4702